পরিবেশের সংকট ঘনিয়ে আসছে / (Record no. 2282)
[ view plain ]
| 000 -LEADER | |
|---|---|
| fixed length control field | 03499nam a2200217 a 4500 |
| 001 - CONTROL NUMBER | |
| JCCL Control Number | 2282 |
| 003 - CONTROL NUMBER IDENTIFIER | |
| JCCL marc code | BD-JhCC |
| 005 - DATE AND TIME OF LATEST TRANSACTION | |
| control field | 20210929134019.0 |
| 008 - FIXED-LENGTH DATA ELEMENTS--GENERAL INFORMATION | |
| fixed length control field | 171031s1996 xxu |||| |||| 00| 0 ben d |
| 035 ## - SYSTEM CONTROL NUMBER | |
| system control number | (BD-JhCC)2282 |
| 040 ## - CATALOGING SOURCE | |
| Original cataloging agency | BD-JhCC |
| Modifying agency | BD-JhCC |
| 041 ## - LANGUAGE CODE | |
| Language code of Book | ben |
| 082 ## - DEWEY DECIMAL CLASSIFICATION NUMBER | |
| Classification number | 304.2 |
| Author mark and Year | MUT 1996 |
| 100 ## - MAIN ENTRY--PERSONAL NAME | |
| Personal name | আল-মুতী, আবদুল্লাহ |
| 245 ## - TITLE STATEMENT | |
| Title | পরিবেশের সংকট ঘনিয়ে আসছে / |
| Statement of responsibility, etc | আবদুল্লাহ আল-মুতী |
| 260 ## - PUBLICATION, DISTRIBUTION, ETC. (IMPRINT) | |
| Place of publication, distribution, etc | ঢাকা : |
| Name of publisher, distributor, etc | দি ইউনিভার্সিটি প্রেস লিমিটেড ; |
| Date of publication, distribution, etc | ১৯৯৬ |
| 300 ## - PHYSICAL DESCRIPTION | |
| Pagination | ১২৯ পৃ. ; |
| Dimensions | ২২ সে.মি. |
| 520 ## - SUMMARY, ETC. | |
| Summary, etc | আমাদের চারপাশের পরিবেশ যে ক্রমেই অবনতি ঘটছে তাতে আমরা শঙ্কিত না হয়ে পারি না। জনসংখ্যা বৃদ্ধি ও অপরিকল্পিত শিল্পবিকাশের ফলে সংকট দেখা দিয়েছে বিশুদ্ধ হাওয়া আর পানি সরবরাহে। দূষণের কারণে চাষের জমির গুণাগুণ নষ্ট হয়ে যাচ্ছে। বন-বনানী ধ্বংস হয়ে উদ্ভিদ, বন্য প্রাণী আর মৎস্য সম্পদ নিঃশেষ হয়ে আসছে। পৃথিবীর নানা অঞ্চল এখন মরুর আগ্রাসনে। তার ওপর বিশাল আতঙ্কের মতো দেখা দিয়েছে গ্রীনহাউস প্রতিক্রিয়ার প্রভাব। ভূমণ্ডলের তাপমাত্রা গত দেড়শ' বছর ধরে অব্যাহত গতিতে বাড়ছে। তার ফলে দেশে দেশে জলবায়ু বদলে যাচ্ছে, ক্রমে ক্রমে ফুঁসে উঠছে সাগ্র-মহাসাগর। বিশেষ ক্রে বাংলাদেশের মতো নিচু বদ্বীপ অঞ্চলের দেশে যেখানে জনসংখ্যার ঘনত্ব পৃথিবীর সকল দেশের চাইতে বেশি সেখানে গ্রীনহাউস প্রতিক্রিয়ার ফলাফল হবে সুদূরপ্রসারী। পরিবেশের যে নিদারুণ সংকট এক ভয়ঙ্কর দানবের মতো ক্রমেই এগিয়ে আসছে আমাদের দিকে তারই নানা বিচিত্র দিক নিয়ে এ বই। ইউনেস্কোর কলিঙ্গ পুরস্কারপ্রাপ্ত জনপ্রিয় বিজ্ঞান-লেখক আবদুল্লাহ আল-মুতী এসব সমস্যা নিয়ে প্রাঞ্জল ভাষায় তথ্যপূর্ণ আলোচনা করেছেন এ বইতে। শুধু সংকটের চরিত্র নয়, তার নানামুখী সমাধানের কথাও পাওয়া যাবে এতে। |
| 650 ## - SUBJECT ADDED ENTRY--TOPICAL TERM | |
| Topical term or geographic name as entry element | Ecology - Green house effects |
| 942 ## - ADDED ENTRY ELEMENTS (KOHA) | |
| Source of classification or shelving scheme | Dewey Decimal Classification |
| Koha item type | Books |
| Koha issues (borrowed), all copies | 1 |
| Source of classification or shelving scheme | Damaged status | Not for loan | Home library | Current library | Shelving location | Date of accession | Cost, normal purchase price | Total Checkouts | Full call number | Barcode | Date last seen | Date checked out | Copy number | Koha item type |
|---|---|---|---|---|---|---|---|---|---|---|---|---|---|---|
| Dewey Decimal Classification | JCC Rouf Library | JCC Rouf Library | General Stacks | 10/31/2017 | 150.00 | 1 | 304.2 MUT 1996 | 2942 | 09/28/2021 | 09/28/2021 | C-1 | Books | ||
| Dewey Decimal Classification | JCC Rouf Library | JCC Rouf Library | General Stacks | 10/31/2017 | 150.00 | 304.2 MUT 1996 | 2954 | 10/31/2017 | C-2 | Books |